1080 1317 1763 1668 1714 1187 1756 1128 1984 1760 1644 1822 1999 1829 1902 1120 1457 1532 1143 1651 1586 1665 1183 1380 1039 1113 1856 1653 1484 1909 1686 1368 1467 1362 1098 1467 1851 1026 1926 1200 1547 1648 1249 1256 1782 1118 1194 1610 1385 1271 1986 1167 1872 1871 1601 1761 1385 1551 1709 1367 1973 1958 1972 1828 1540 1841 1839 1361 1202 1506 1302 1951 1675 1322 1309 1874 1175 1447 1398 1505 1374 1463 1353 1923 1054 1358 1695 1044 1811 1753 1056 1401 1458 1379 1123 1795 1229 1710 1080 BCNSPRNW ULIB Ver.6.0+V

เปลี่ยนเป็นภาษาไทย

Change to English
 แสดงรายละเอียดบรรณานุกรม
  กลับหน้าหลัก

Brief Record : Get Marc (ISO 2709) : E-mail record : QR code < ปิดหน้าต่าง
LEADER : 00000nam 2200000uu 4500
001    13399113277
003     ULIB
008    111005s2552||||th 000 0 tha d
020    9786115120246
050 04 TT896.5^bบ677ศ 2552
100 0  บุษรัตน์ ตันกิตติกร
245 10 ศิลปะประดิษฐ์เทียนหอม ขนมไทย ของหวาน /^cบุษรัตน์ ตันกิตติกร
250    พิมพ์ครั้งที่ 1
260    กรุงเทพฯ :^bวาดศิลป์,^c2552
300    64 หน้า :^bภาพประกอบ ;^c26 ซม
440  0 โครงการหนังสือส่งเสริมวิชาชีพธุรกิจ
650  7 การประดิษฐ์ด้วยเทียน
650  7 การประดิษฐ์ด้วยแวกซ์
945    ^p160^l0^i027673
995    ทศพร
999 ^a ทศพร
รายการนี้ยังไม่มีแท็ก
คุณยังไม่ได้ล็อกอิน คุณสามารถมีกิจกรรมร่วมกับเว็บไซต์ได้ แต่ต้องล็อกอินก่อน ::
  ล็อกอิน

รายการสื่อสารสนเทศ

ลำดับที่ ประเภท เลขเรียก/บาร์โค้ด สถานที่ สถานะ
- ไม่พบข้อมูล -

รายการใกล้เคียง
    ผู้แต่ง [บุษรัตน์ ตันกิตติกร]

    หัวเรื่อง [การประดิษฐ์ด้วยเทียน]
    หัวเรื่อง [การประดิษฐ์ด้วยแวกซ์]

BibComment


ยังไม่เคยถูกคอมเมนท์

คอมเมนท์ทรัพยากรรายการนี้
  คอมเมนท์: ศิลปะประดิษฐ์เทีย..


 Copyright 2026. Bcnsprnw @Library